000 01321namaa22003251i 4500
005 20260604104232.0
008 260604s1994 ua a|||frm||| 000 0 eng d
040 _aEG-GICUC
_beng
_cEG-GICUC
_dEG-GICUC
_erda
041 0 _aeng
_beng
_bara
049 _aDeposit
097 _aM.Sc
099 _aCai01.11.18.M.Sc.1994.Ad.E
100 0 _aAdel Mahmoud Salem,
_epreparation.
245 1 0 _aEvaluation of liver functions in patients with psoriasis /
_cBy Adel Mahmoud Salem ; Supervised Prof. Dr. Mohamed Khaled Ahmed Naga, Dr. Nadia Saleh, Dr. Mohamed Zoheir Mostafa
246 1 5 _aتقيم وظائف الكبد في مرضي الصدفية
264 0 _c1994.
300 _a112 Leaves
_billustrations
_c30 cm. +
336 _2rda content
_atext
337 _2rdamedia
_aUnmediated
338 _2rdacarrier
_avolume
502 _aThesis (M.Sc.)-Cairo University, 1994
504 _aBibliography: pages 91-112
653 0 _aliver functions
_apsoriasis
700 0 _aMohamed Khaled Ahmed Naga
_ethesis advisor.
700 0 _aNadia Saleh
_ethesis advisor.
700 0 _aMohamed Zoheir Mostafa
_ethesis advisor.
900 _DDepartment of Internal Medicine
_FFaculty of Medicine
_UCairo University
_b1994
_cMohamed Khaled Ahmed Naga
_cNadia Saleh
_cMohamed Zoheir Mostafa
905 _aNehad
942 _2ddc
_cTH
_e21
_n0
999 _c180366